A Christian manifesto / (Record no. 6817)
[ view plain ]
| 000 -LEADER | |
|---|---|
| fixed length control field | 00812nam a2200277I 4500 |
| 001 - CONTROL NUMBER | |
| control field | 8757296 |
| 003 - CONTROL NUMBER IDENTIFIER | |
| control field | OSt |
| 005 - DATE AND TIME OF LATEST TRANSACTION | |
| control field | 20190119181551.0 |
| 008 - FIXED-LENGTH DATA ELEMENTS--GENERAL INFORMATION | |
| fixed length control field | 820909s1982 ilu b 00110 eng d |
| 010 ## - LIBRARY OF CONGRESS CONTROL NUMBER | |
| LC control number | 81069737 |
| 020 ## - INTERNATIONAL STANDARD BOOK NUMBER | |
| International Standard Book Number | 0891072330 : |
| 040 ## - CATALOGING SOURCE | |
| Original cataloging agency | NTM |
| Transcribing agency | NTM |
| Modifying agency | OML |
| 082 ## - DEWEY DECIMAL CLASSIFICATION NUMBER | |
| Classification number | 261.7 |
| Item number | S294C |
| 100 10 - MAIN ENTRY--PERSONAL NAME | |
| Personal name | Schaeffer, Francis A. |
| Fuller form of name | (Francis August) |
| 245 12 - TITLE STATEMENT | |
| Title | A Christian manifesto / |
| Statement of responsibility, etc. | Francis A. Schaeffer |
| 250 ## - EDITION STATEMENT | |
| Edition statement | Rev. ed |
| 260 0# - PUBLICATION, DISTRIBUTION, ETC. | |
| Place of publication, distribution, etc. | Westchester, IL : |
| Name of publisher, distributor, etc. | Crossway Books, published in association with Nims Communications, |
| Date of publication, distribution, etc. | c1982 |
| 300 ## - PHYSICAL DESCRIPTION | |
| Extent | 157 p. ; |
| Dimensions | 22 cm |
| 500 ## - GENERAL NOTE | |
| General note | Includes index |
| 504 ## - BIBLIOGRAPHY, ETC. NOTE | |
| Bibliography, etc. note | Bibliography: p. 143-146 |
| 650 #0 - SUBJECT ADDED ENTRY--TOPICAL TERM | |
| Topical term or geographic name entry element | Church renewal |
| 650 #0 - SUBJECT ADDED ENTRY--TOPICAL TERM | |
| Topical term or geographic name entry element | Christianity |
| Chronological subdivision | 20th century |
| 650 #0 - SUBJECT ADDED ENTRY--TOPICAL TERM | |
| Topical term or geographic name entry element | Moral conditions |
| 650 #0 - SUBJECT ADDED ENTRY--TOPICAL TERM | |
| Topical term or geographic name entry element | Christianity and politics |
| 942 ## - ADDED ENTRY ELEMENTS (KOHA) | |
| Source of classification or shelving scheme | Dewey Decimal Classification |
| Koha item type | Books |
| Withdrawn status | Lost status | Source of classification or shelving scheme | Damaged status | Not for loan | Collection code | Home library | Current library | Shelving location | Date acquired | Cost, normal purchase price | Total Checkouts | Full call number | Barcode | Date last seen | Price effective from | Koha item type |
|---|---|---|---|---|---|---|---|---|---|---|---|---|---|---|---|---|
| Dewey Decimal Classification | Non-fiction | Harvest Mission College | Harvest Mission College | General Stacks | 19.01.2019 | 650.00 | 261.7 S294C | 007689 | 19.01.2019 | 19.01.2019 | Books | |||||
| Dewey Decimal Classification | Non-fiction | Harvest Mission College | Harvest Mission College | General Stacks | 19.01.2019 | 650.00 | 261.7 S294C | 011212 | 04.02.2021 | 19.01.2019 | Books |
